000 00810nam a2200217 i 4500
001 165214
003 ES-MaACL
005 20230906213104.0
008 050818s1897 it a | |||||||| ||ita d
040 _aCAM
_bspa
_cCAM
100 1 _aSergi, Giuseppe (
_d1841-1936)
_9105546
245 1 0 _aAfrica
_b: antropologia della stirpe camitica (specie euroafricana) /
_cGiuseppe Sergi.
260 _aTorino :
_bFratelli Bocca editori,
_c1897.
300 _aXV, 426 p., [1] h. pleg. de mapa :
_bil. ;
_c23 cm.
490 1 _aBiblioteca di scienze moderne ;
_v1
598 _aLa serie consta en la cub. original.
650 _aRaza.
_916677
830 0 _aBiblioteca di scienze moderne ;
_v1
_9183815
852 _aES-MaACL
_jF-12694
_z-- Enc. pasta espaƱola conservando la cub. original
999 _c165214
_d165214